000 01220nam a22003374a 4500
001 ebr10228176
003 CaPaEBR
006 m u
007 cr cn|||||||||
008 070221s2007 maua s 001 0 eng
010 _z 2007923304
020 _z1598633899
040 _aCaPaEBR
_cCaPaEBR
035 _a(OCoLC)298787906
050 1 4 _aQA76.73.J38
_bF566 2007eb
082 0 4 _a005.1/1
_222
100 1 _aFlynt, John P.
245 1 0 _aJava ME game programming
_h[electronic resource] /
_cJohn P. Flynt, Martin Wells.
250 _a2nd ed.
260 _aBoston, MA :
_bThomson Course Technology,
_c2007.
300 _axix, 488 p. :
_bill.
500 _aIncludes index.
533 _aElectronic reproduction.
_bPalo Alto, Calif. :
_cebrary,
_d2013.
_nAvailable via World Wide Web.
_nAccess may be limited to ebrary affiliated libraries.
650 0 _aJava (Computer program language)
650 0 _aMobile computing.
650 0 _aWireless communication systems.
655 7 _aElectronic books.
_2local
700 1 _aWells, Martin J.
710 2 _aebrary, Inc.
856 4 0 _uhttp://site.ebrary.com/lib/rucke/Doc?id=10228176
_zAn electronic book accessible through the World Wide Web; click to view
999 _c38484
_d38484